| 000 | 00451 a2200145 4500 | ||
|---|---|---|---|
| 999 |
_c2523 _d2523 |
||
| 020 | _a9788131505229 | ||
| 050 | _aHF 5548 AAM 2001 | ||
| 100 |
_aAamodt, Michael G. _eauthor |
||
| 245 |
_aIndustrial or Organizational Psychology: _cMichael G Aamodt |
||
| 264 |
_a United States: _bCengage learning, _c2001 |
||
| 300 |
_a463p.: _bill. |
||
| 500 | _aincludes bibliographical references and index . | ||
| 650 | _aPsychology. | ||
| 942 |
_2lcc _cBK _h5548 _iAAM _kHF |
||